[Event "Admiral Niels Juel Cup 2013"]
[Site "Asgaard Skole, Koege"]
[Date "2013.04.22"]
[Round "4.13"]
[White "Vovk, Oksana"]
[Black "Stojanovski, Sandi"]
[Result "1/2-1/2"]
[WhiteElo "2133"]
[BlackElo "2260"]
[WhiteTeam "Brønshøj Skakforening"]
[BlackTeam "Køge Skakklub"]

1.d4 Nf6 2.Nf3 e6 3.c4 d5 4.Nc3 Bb4 5.e3 O-O 6.Qb3 Nc6 7.Bd2 dxc4 8.Qxc4 
a6 9.a3 Bd6 10.Be2 e5 11.d5 Ne7 12.e4 Ng6 13.O-O Nh5 14.g3 h6 15.b4 Bh3 
16.Rfc1 Qd7 17.Ne1 Nf6 18.a4 Ng4 19.f3 Nf6 20.Nd3 Qe7 21.Rab1 Nh7 22.a5 b6
23.Be3 Rfb8 24.axb6 cxb6 25.Qb3 Bd7 26.Na4 Qd8 27.Rc2 Ne7 28.Rbc1 Nf8 29.
Nab2 Qe8 30.Rc3 Nc8 31.Nc4 Bb5 32.Nxd6 Nxd6 33.Rc7 Nd7 34.Kf2 Rc8 35.Nb2 
Rxc7 36.Rxc7 Rc8 37.Qc2 Bxe2 38.Rxc8 Qxc8 39.Qxc8+ Nxc8 40.Kxe2 Kf8 41.Nc4
Ke7 42.f4 f6 43.Kd3 Kd8 44.Bc1 Kc7 45.Bb2 Nd6 46.Ne3 a5 47.fxe5 fxe5 48.
Ng4 axb4 49.Bxe5 Nc5+ 50.Kc2 Nxe4 51.Bxg7 h5 52.Ne3 Nc5 53.h4 Kd7 54.g4 
hxg4 55.h5 b3+ 1/2-1/2